Statistics for Movies - Main Characters

Click here to take the quiz!

General Stats

  • This quiz has been taken 14 times
  • The average score is 7 of 15

Answer Stats

HintAnswer% Correct
Pirates of the CaribbeanJack Sparrow
100%
Star Wars: Episode IV - A New HopeLuke Skywalker
85%
PaddingtonPaddington
85%
Raiders of the Lost ArkIndiana Jones
77%
Tomb RaiderLara Croft
77%
The GodfatherMichael Corleone
69%
Legally BlondeElle Woods
46%
Purple RainPrince
38%
American PsychoPatrick Bateman
31%
Mean GirlsCady Heron
15%
Mad MaxMax Rockatansky
15%
HairsprayTracy Turnblad
15%
Five Nights at Freddy'sMike Schmidt
8%
SkyscraperWill Sawyer
8%
Life is BeautifulGuido Orefice
0%

Score Distribution

Percentile by Number Answered

Percent of People with Each Score

Your Score History

You have not taken this quiz